| 000 | 01081cam a22003493a 4500 | ||
|---|---|---|---|
| 001 | 0000671 | ||
| 003 | DO-SdBNP | ||
| 005 | 20170915104243.0 | ||
| 007 | 0000671 | ||
| 008 | 861112 2003 mx ac 000 0 spa d | ||
| 010 | _a | ||
| 020 | _a9681913175 | ||
| 040 |
_aBPMSU _cspa _dBPMSU _d |
||
| 082 | 4 |
_a576.5 _bW177g |
|
| 100 | 1 | _aWalker, Richard | |
| 240 | 1 | 2 | _aGenes & DNA / |
| 245 | 1 | 0 |
_aGenes y ADN / _cRichard Walker ; prólogo Steve Jones ; traducción Enrique Beltrán G. |
| 260 |
_aMéxico, D.F. : _bSantillana , _c2003. |
||
| 300 |
_a63 p. : _bil. ; _c28 cm. |
||
| 500 | _aIncluye índice | ||
| 505 | 0 |
_tPrólogo -- _tGenes y herencia -- _tADN: la molécula de la vida -- _tTecnología genética -- _tGlosario -- _tÍndice -- _tReconocimientos -- |
|
| 600 |
_a _x |
||
| 650 | 4 | _aADN | |
| 650 | 4 | _aGENES | |
| 650 | 4 | _aGENÉTICA MOLECULAR | |
| 700 | 1 | 2 |
_aJones, Steve, _epról. |
| 700 | 1 | 2 |
_aBeltrán G., Enrique, _etrad. |
| 910 | _aValidado. Control de calidad MFF | ||
| 942 |
_2ddc _cBK |
||
| 945 | _aInventario / 2017 VM | ||
| 956 |
_2YLOCKWARD _310 _8BPMSU |
||
| 999 |
_c11372 _d11372 |
||